000 00306 a2200109 4500
001 ART_26210
005 20260410161937.0
008 260409a
245 1 0 _aSinergia y empatía en la toma de decisiones
100 1 _aSader, Gustavo
773 0 _tSaberEs
_g- Nº 3 (jun. 2011)
_wREV26089
999 _c29102
_d29102